Makroökonomie

Salvato in:
Dettagli Bibliografici
Autore principale: Schmitt-Rink, Gerhard
Natura: Libro
Lingua:tedesco
Pubblicazione: Berlin Springer 1990
Edizione:1. Aufl.
Tags: Aggiungi Tag
Nessun Tag, puoi essere il primo ad aggiungerne!!

MARC

LEADER 00000nam a2200000 4500
001 c030677
005 20221215124639.5
041 0 |a ger 
044 |a DE 
245 1 0 |a Makroökonomie  |c Gerhard Schmitt-Rink 
250 |a 1. Aufl. 
264 1 |a Berlin  |b Springer  |c 1990 
300 |a 240 s. 
100 1 |a Schmitt-Rink, Gerhard